[Event "ch-SRB"]
[Site "Vrsac SRB"]
[Date "2007.03.09"]
[Round "6"]
[White "Pikula,D"]
[Black "Tadic,B"]
[Result "1/2-1/2"]
[WhiteElo "2513"]
[BlackElo "2496"]

1.e4 c5 2.Nf3 d6 3.d4 cxd4 4.Nxd4 Nf6 5.Nc3 a6 6.Be3 e5 7.Nb3 Be6 8.Qd2 Be7
9.f3 O-O 10.O-O-O Nbd7 11.g4 b5 12.g5 b4 13.Ne2 Ne8 14.f4 a5 15.f5 a4 16.fxe6 axb3
17.exf7+ Rxf7 18.Kb1 bxc2+ 19.Kxc2 Nb6 20.Nc1 d5 21.exd5 Nd6 22.Kb1 Nbc4
23.Bxc4 Nxc4 24.Qe2 Nxe3 25.g6 Nxd1 26.gxf7+ Kxf7 27.Rxd1 Bd6  1/2-1/2

[Event "TCh-FIN 2006-7"]
[Site "Helsinki FIN"]
[Date "2007.03.10"]
[Round "8"]
[White "Nyysti,S"]
[Black "Mertanen,J"]
[Result "1-0"]
[WhiteElo "2358"]
[BlackElo "2283"]

1.e4 c5 2.Nf3 d6 3.d4 cxd4 4.Nxd4 Nf6 5.Nc3 a6 6.Be3 e5 7.Nb3 Be6 8.f3 Be7
9.Qd2 O-O 10.O-O-O a5 11.Bb5 Na6 12.Qe2 Nc7 13.Nc5 Nxb5 14.Qxb5 Qc8 15.Qxb7 Qxb7
16.Nxb7 Ra6 17.Nb5 Ne8 18.Na7 Bd7 19.Rd5 a4 20.Ra5 Rxa5 21.Nxa5 f5 22.N7c6 Bf6
23.exf5 Nc7 24.Rd1 d5 25.f4 e4 26.g4 a3 27.Bd4 axb2+ 28.Kxb2 Bxd4+ 29.Rxd4 Re8
30.Ne5 Rb8+ 31.Nb3 Bb5 32.c4 dxc4 33.Nxc4 Bc6 34.Ne5 Bd5 35.f6 Rf8 36.f7+ Bxf7
37.Nxf7 Rxf7 38.Rxe4 g6 39.Nc5 Nd5 40.Nd3 Rb7+ 41.Kc2 Nf6 42.Rb4 Rc7+ 43.Kb3 Nxg4
44.a4 Kf8 45.a5 Ke8 46.Ne5 Nf6 47.Rb8+ Ke7 48.a6 Ne4 49.a7 Nc5+ 50.Kb2 Nd3+
51.Nxd3 Rxa7 52.Kc2 Kf6 53.Kd2 Re7 54.Rf8+ Kg7 55.Rd8 Kf6 56.Rd5 Ra7 57.Ke3 Ra2
58.Nf2 Ra3+ 59.Rd3 Ra4 60.Kf3 Ra5 61.Rb3 Kf5 62.Ng4 h5 63.Ne3+ Kf6 64.Rb6+ Kf7
65.h4 Rc5 66.Ke4 Ra5 67.Nd5 Ra1 68.Rb7+ Ke6 69.Re7+ Kd6 70.Rb7 Re1+ 71.Ne3 Ke6
72.Rb6+ Kf7 73.f5 gxf5+ 74.Kf4 Kg7 75.Nxf5+ Kf7 76.Ng3  1-0

[Event "TCh-AUT 2006-7"]
[Site "Mattersburg AUT"]
[Date "2007.03.11"]
[Round "11"]
[White "Pavasovic,D"]
[Black "Ruck,R"]
[Result "1/2-1/2"]
[WhiteElo "2575"]
[BlackElo "2531"]

1.e4 c5 2.Nf3 d6 3.d4 cxd4 4.Nxd4 Nf6 5.Nc3 a6 6.Be3 Ng4 7.Bg5 h6 8.Bh4 g5
9.Bg3 Bg7 10.h3 Nf6 11.Be2 Qb6 12.Nb3 Be6 13.Qd2 Nbd7 14.f3 Rc8 15.Bf2 Qc7
16.h4 g4 17.f4 b5 18.Bd3 Nb6 19.Bd4  1/2-1/2

[Event "ch-RUS U20"]
[Site "Saint Petersburg RUS"]
[Date "2007.03.11"]
[Round "2"]
[White "Vitiugov,N"]
[Black "Khairullin,I"]
[Result "1/2-1/2"]
[WhiteElo "2604"]
[BlackElo "2586"]

1.e4 c5 2.Nf3 d6 3.d4 Nf6 4.Nc3 cxd4 5.Nxd4 a6 6.Be3 Ng4 7.Bg5 h6 8.Bh4 g5
9.Bg3 Bg7 10.h3 Ne5 11.f3 Nbc6 12.Bf2 Ng6 13.Qd2 Nxd4 14.Bxd4 Bxd4 15.Qxd4 Be6
16.g3 Rg8 17.O-O-O Qa5 18.Kb1 Rc8 19.Nd5 Qc5 20.Qd2 Ne5 21.Be2 Nd7 22.c3 Bxd5
23.exd5 Qf2 24.Qe1 Qxe1  1/2-1/2

[Event "ch-RUS U20 Girls"]
[Site "Saint Petersburg RUS"]
[Date "2007.03.14"]
[Round "5"]
[White "Shlakich,A"]
[Black "Airapetian,Ta"]
[Result "0-1"]
[WhiteElo "2225"]
[BlackElo "2245"]

1.e4 c5 2.Nf3 d6 3.d4 cxd4 4.Nxd4 Nf6 5.Nc3 a6 6.Be3 e6 7.g4 h6 8.Bg2 Nc6
9.h3 Bd7 10.Qe2 Rc8 11.O-O-O b5 12.f4 b4 13.Nb1 Qc7 14.g5 Nxd4 15.Rxd4 Nh5
16.Rhd1 Bb5 17.Qf2 Nxf4 18.Bxf4 e5 19.Rxb4 exf4 20.g6 d5 21.gxf7+ Kxf7 22.Rbd4 Bc5
23.exd5 Bxd4 24.Rxd4 g5 25.Nc3 Kg7 26.h4 Bd7 27.Re4 Rhe8 28.Qd4+ Kf7 29.Rxe8 Rxe8
30.d6 Qd8 31.Bd5+ Be6 32.Bf3 Bf5 33.Qa7+ Kg8 34.Bh5 Re5 35.Qf7+ Kh8 36.Bg6 Bxg6
37.Qxg6 Qf8 38.d7 Re1+ 39.Kd2 Re7 40.Nd5 Rxd7 41.c4 f3 42.Ke1 Qd6 43.Qe8+ Kg7
44.Kf1 Rf7 45.Qe4 Qg6 46.Qe5+ Kh7 47.Ne3 Qd3+ 48.Kf2 Qe2+ 49.Kg3 gxh4+ 50.Kxh4 Qd3
51.Qe6 Qd8+ 52.Kg3 Qg5+ 53.Kf2 Re7 54.Qf5+ Qxf5 55.Nxf5 Re2+ 56.Kxf3 Rxb2
57.Ke4 Rxa2 58.c5 Rc2 59.Kd5 a5 60.Nd4 Rc1 61.Nb5 h5 62.c6 h4 63.Nd6 h3 64.Nc4 h2
65.c7 h1=Q+ 66.Kc5 Rxc4+  0-1

[Event "ch-POL w"]
[Site "Barlinek POL"]
[Date "2007.03.17"]
[Round "10"]
[White "Zawadzka,J"]
[Black "Kadziolka,B"]
[Result "1-0"]
[WhiteElo "2350"]
[BlackElo "2309"]

1.e4 c5 2.Nf3 d6 3.d4 cxd4 4.Nxd4 Nf6 5.Nc3 a6 6.Be3 e5 7.Nde2 Be6 8.f4 Nbd7
9.f5 Bc4 10.Nc1 Rc8 11.Bxc4 Rxc4 12.Qd3 b5 13.Nb3 Rc8 14.Bg5 Be7 15.Bxf6 Nxf6
16.a3 O-O 17.O-O Qb6+ 18.Kh1 Qc6 19.Rad1 Rfd8 20.Qf3 Qc4 21.Rfe1 h6 22.Nd2 Qc5
23.Nf1 b4 24.axb4 Qxb4 25.Rb1 Kf8 26.Ne3 Qb7 27.Red1 Rxc3 28.bxc3 Qxe4 29.c4 Qxf3
30.gxf3 Nd7 31.Rb7 Nc5 32.Ra7 Rb8 33.f6 Bxf6 34.Rxd6 Be7 35.Rc6 Ne6 36.Nd5 Bc5
37.Rb7 Rd8 38.Rxa6 g6 39.Rb5 Rc8 40.Rba5 Kg7 41.Ra8 Rxa8 42.Rxa8 f5 43.Rc8 Kf7
44.Kg2 e4 45.fxe4 fxe4 46.c3 g5 47.Rc6 h5 48.Kf1 Ba7 49.Nc7 Nf4 50.Nb5 Bb8
51.Nd6+ Bxd6 52.Rxd6 Nd3 53.Rd4 Nc5 54.Rd5 Ne6 55.Re5 Kf6 56.Rxe4 Kf5 57.Re1 g4
58.Kf2 h4 59.Ke3 Ke5 60.Kd3+ Kf5 61.Ke3 Ke5 62.Rd1 Nf4 63.Rd8 Ng2+ 64.Kf2 Nf4
65.Rg8 Kf5 66.Rd8 Ne6 67.Rh8 Kg5 68.Ke3  1-0

[Event "TCh-ARM"]
[Site "Yerevan ARM"]
[Date "2007.03.17"]
[Round "4"]
[White "Hambartsumian,Y"]
[Black "Minasian,Ara"]
[Result "1/2-1/2"]
[WhiteElo "2354"]
[BlackElo "2457"]

1.e4 c5 2.Nf3 d6 3.d4 cxd4 4.Nxd4 Nf6 5.Nc3 a6 6.Be3 e6 7.f3 b5 8.g4 h6 9.Qd2 Bb7
10.O-O-O Nbd7 11.h4 b4 12.Na4 Qa5 13.b3 Nc5 14.a3 Nxa4 15.axb4 Qc7 16.bxa4 d5
17.e5 Nd7 18.f4 Nb6 19.f5 Nxa4 20.fxe6 Nc3 21.exf7+ Kxf7 22.Bd3 Bxb4 23.Qf2+ Kg8
24.Rdf1 Ba3+ 25.Kd2 Ne4+ 26.Bxe4 dxe4 27.Qf5 Qc4 28.Ne6 Bb4+  1/2-1/2

[Event "Open"]
[Site "Zagreb CRO"]
[Date "2007.03.17"]
[Round "1"]
[White "Orincic,D"]
[Black "Filipovic,Ma"]
[Result "0-1"]
[WhiteElo "1975"]
[BlackElo "2287"]

1.e4 c5 2.Nf3 d6 3.d4 cxd4 4.Nxd4 Nf6 5.Nc3 a6 6.Be3 e5 7.Nb3 Be6 8.Nd5 Nbd7
9.f3 Nxd5 10.exd5 Bf5 11.g4 Bg6 12.Qd2 Be7 13.O-O-O Rc8 14.Bd3 Bxd3 15.Qxd3 Bg5
16.Bxg5 Qxg5+ 17.Kb1 O-O 18.Rde1 f5 19.h4 Qf4 20.g5 Nb6 21.g6 h6 22.Rd1 Nc4
23.Nc1 Rc5 24.Rhe1 Qxh4 25.Nb3 Rc7 26.Rh1 Qf6 27.Rdg1 e4 28.Qd4 exf3 29.Qxf6 Rxf6
30.Rf1 Rxg6 31.Rxf3 Rf6 32.Rhf1 g6 33.Kc1 Ne5 34.Rh3 h5 35.Rd1 f4 36.Nd4 f3
37.Rhh1 f2 38.Rhf1 Ng4 39.Rh1 Ne3  0-1

[Event "ch-POL w"]
[Site "Barlinek POL"]
[Date "2007.03.18"]
[Round "11"]
[White "Kulon,K"]
[Black "Chlost,M"]
[Result "1-0"]
[WhiteElo "2173"]
[BlackElo "2138"]

1.e4 c5 2.Nf3 d6 3.d4 cxd4 4.Nxd4 Nf6 5.Nc3 a6 6.Be3 e5 7.Nb3 Be6 8.Qd2 Be7
9.f4 Qc7 10.h3 Nbd7 11.g4 exf4 12.Bxf4 Ne5 13.O-O-O Nfd7 14.Nd4 g6 15.g5 Qa5
16.Nxe6 fxe6 17.h4 O-O-O 18.Kb1 Kb8 19.Bh3 Nc4 20.Qd4 Qb4 21.b3 Ndb6 22.Bxe6 Rc8
23.Bxc8 Rxc8 24.Ka1 Qa5 25.Rh3 Na3 26.Rd2 Ka8 27.b4  1-0

[Event "ch-RUS U20"]
[Site "Saint Petersburg RUS"]
[Date "2007.03.21"]
[Round "11"]
[White "Andreikin,D"]
[Black "Lanin,A"]
[Result "1-0"]
[WhiteElo "2509"]
[BlackElo "2465"]

1.e4 c5 2.Nf3 d6 3.d4 cxd4 4.Nxd4 Nf6 5.Nc3 a6 6.Be3 e5 7.Nde2 Be7 8.Ng3 Be6
9.Be2 O-O 10.O-O g6 11.Qd2 Nbd7 12.Bh6 Re8 13.Nf5 Qb6 14.Nxe7+ Rxe7 15.Rab1 Ne8
16.Kh1 Rc8 17.f4 exf4 18.Bg5 f6 19.Bxf4 Qc6 20.Rf3 Ne5 21.Rg3 Rf7 22.h4 Kh8
23.Rf1 Ng7 24.Bxe5 dxe5 25.Qh6 Bc4 26.Rxg6 Bxe2 27.Rfxf6 Qd7 28.Nxe2 Rxc2
29.Qxg7+ Rxg7 30.Rf8+  1-0

[Event "ch-RUS U20 Girls"]
[Site "Saint Petersburg RUS"]
[Date "2007.03.21"]
[Round "11"]
[White "Shlakich,A"]
[Black "Gunina,V"]
[Result "0-1"]
[WhiteElo "2225"]
[BlackElo "2347"]

1.e4 c5 2.Nf3 d6 3.d4 cxd4 4.Nxd4 Nf6 5.Nc3 a6 6.Be3 e5 7.Nb3 Be7 8.f3 Be6
9.Qd2 O-O 10.O-O-O Nbd7 11.g4 b5 12.g5 Nh5 13.Nd5 Bxd5 14.exd5 g6 15.Na5 Qc8
16.Nc6 Bd8 17.Bh3 Qb7 18.Bg4 Ng7 19.h4 f5 20.gxf6 Nxf6 21.h5 Nfxh5 22.Bxh5 Nxh5
23.Rxh5 gxh5 24.Bh6 Bf6 25.Rg1+ Kh8 26.Bxf8 Rxf8 27.Qb4 Qd7 28.Kb1 Bg7 29.Qa3 h4
30.Qxa6 h3 31.Qxb5 e4 32.fxe4 h2 33.Rh1 Qg4 34.Qd3 Rf2 35.Rc1 Rg2 36.Qb5 Qf4  0-1

[Event "Open"]
[Site "Zagreb CRO"]
[Date "2007.03.21"]
[Round "5"]
[White "Jelecevic,I"]
[Black "Filipovic,Ma"]
[Result "1/2-1/2"]
[WhiteElo "2161"]
[BlackElo "2287"]

1.e4 c5 2.Nf3 d6 3.d4 cxd4 4.Nxd4 Nf6 5.Nc3 a6 6.Be3 e5 7.Nf3 Be7 8.Bc4 O-O
9.O-O Be6 10.Bxe6 fxe6 11.Qd3 Nc6 12.Rad1 h6 13.Qc4 Qd7 14.Bb6 Rac8 15.Qe2 Qe8
16.Rd2 Nh5 17.Qe3 Nf4 18.Ne2 Qg6 19.Nxf4 Rxf4 20.Re2 Rcf8 21.Kh1 Qh5 22.Ng1 d5
23.Qb3 Qf7 24.Be3 Rxe4 25.Qxb7 Rc4 26.c3 a5 27.Rc1 Qe8 28.b3 Rh4 29.f3 Bd6
30.g3 Rh5 31.g4 Rg5 32.Bxg5 hxg5 33.Qb5 Qd7 34.h3 Rb8 35.Qd3 Qf7 36.Rce1 Rc8
37.c4 Nd4 38.Rd2 Bb4 39.Rxe5 Bxd2 40.Qxd2 Nxf3 41.Nxf3 Qxf3+ 42.Qg2 Qd1+
43.Qg1 Qf3+ 44.Qg2 Qd1+ 45.Qg1 Qc2 46.cxd5 exd5 47.Qe1 Rc3 48.Re8+ Kh7 49.Rh8+  1/2-1/2

[Event "VIII Dos Hermanas Internet"]
[Site "ICC INT"]
[Date "2007.03.23"]
[Round "1.2"]
[White "Guliyev,N"]
[Black "Smeets,J"]
[Result "1-0"]
[WhiteElo "2545"]
[BlackElo "2538"]

1.e4 c5 2.Nf3 d6 3.d4 cxd4 4.Nxd4 Nf6 5.Nc3 a6 6.Be3 e5 7.Nf3 Be7 8.Bc4 O-O
9.O-O Nc6 10.Re1 b5 11.Bf1 Rb8 12.Bg5 Nd7 13.Bxe7 Qxe7 14.Nd5 Qd8 15.Qd2 Nc5
16.c3 h6 17.b4 Na4 18.Rad1 Be6 19.a3 Na7 20.c4 bxc4 21.Bxc4 Nb5 22.Re3 Rc8
23.Rc1 Nb6 24.Nxb6 Qxb6 25.Bxe6 Rxc1+ 26.Qxc1 fxe6 27.Qc4 Re8 28.h4 Kf7 29.a4 Nd4
30.Nxd4 exd4 31.Rf3+ Ke7 32.Rg3 Kf7 33.a5 Qa7 34.Rd3 Ke7 35.Rxd4 Rb8 36.Qd3 Qc7
37.Kh2 Rb5 38.g3 g5 39.hxg5 hxg5 40.Qf3 Qc2 41.Kg2 Re5 42.Qh5 Qc3 43.Qh7+ Kf6
44.Rxd6 g4 45.Rd7 Qf3+ 46.Kg1 Qd1+ 47.Rxd1  1-0

[Event "VIII Dos Hermanas Internet"]
[Site "ICC INT"]
[Date "2007.03.23"]
[Round "1.4"]
[White "Amonatov,F"]
[Black "Aveskulov,V"]
[Result "1-0"]
[WhiteElo "2559"]
[BlackElo "2517"]

1.e4 c5 2.Nf3 d6 3.d4 Nf6 4.Nc3 cxd4 5.Nxd4 a6 6.Be3 e5 7.Nf3 Be7 8.Bc4 O-O
9.O-O Be6 10.Qe2 Nc6 11.Rfd1 Qc7 12.Bb3 Na5 13.Bg5 Nxb3 14.axb3 Nh5 15.Be3 Rac8
16.Nxe5 dxe5 17.Qxh5 Bb4 18.Rd3 Rfd8 19.Rad1 Rxd3 20.Rxd3 Qa5 21.Qd1 h6 22.Nd5 Bf8
23.c3 f5 24.exf5 Bxf5 25.Rd2 Qb5 26.h3 Kh7 27.b4 Qc6 28.Qf3 Qg6 29.Qg3 Qxg3
30.fxg3 Be4 31.Nb6 Rc7 32.Rd7 Rxd7 33.Nxd7 Bd6 34.Bc5 Bc7 35.Bb6 Bxb6+ 36.Nxb6 Kg6
37.Kf2 Kf5 38.Nc4 Ke6 39.Ne3 Bg6 40.g4 Be4 41.g3 g6 42.Ke2 Kd6 43.Kd2 Ke6
44.Ke2 Bc6 45.Kd3 Bf3 46.Kd2 Bc6 47.Kd3 Bd7 48.Kd2 e4 49.Nc2 Ke5 50.Ke3 Be8
51.Nd4 Bf7 52.Ne2 Bc4 53.Nf4 Bf7 54.h4 Be8 55.g5 h5 56.Ne2 Kf5 57.Nf4 Bc6
58.c4 Be8 59.Nd5 Kg4 60.Nf6+ Kxg3 61.Nxe8 Kxh4 62.Nd6 Kg3 63.Nxe4+ Kg2 64.Kf4 h4
65.Kg4 h3 66.c5 h2 67.Ng3 Kf2 68.Kh3 h1=Q+ 69.Nxh1+ Kf3 70.Ng3 Kf4 71.Kh4 Kf3
72.Nh5 Ke4 73.Nf6+  1-0

[Event "VIII Dos Hermanas Internet"]
[Site "ICC INT"]
[Date "2007.03.23"]
[Round "1.2"]
[White "Amonatov,F"]
[Black "Aveskulov,V"]
[Result "1-0"]
[WhiteElo "2559"]
[BlackElo "2517"]

1.e4 c5 2.Nf3 d6 3.d4 Nf6 4.Nc3 cxd4 5.Nxd4 a6 6.Be3 e5 7.Nb3 Be6 8.Qd2 Nbd7
9.O-O-O Rc8 10.f3 h5 11.h3 Be7 12.f4 b5 13.Bd3 Qc7 14.Kb1 h4 15.Rhe1 Kf8
16.Qf2 Kg8 17.Rg1 exf4 18.Bxf4 Nh5 19.Be3 Ne5 20.Nd4 Bf6 21.Nd5 Bxd5 22.exd5 Nxd3
23.Rxd3 Re8 24.Nc6 Ng3 25.Bd4 Ne4 26.Qf3 Bxd4 27.Rxd4 Nf6 28.Rf1 Qd7 29.a4 Rh5
30.Rf4 bxa4 31.Rxf6  1-0

[Event "Open"]
[Site "Zagreb CRO"]
[Date "2007.03.24"]
[Round "8"]
[White "Bender,I"]
[Black "Zaja,I"]
[Result "1-0"]
[WhiteElo "2311"]
[BlackElo "2458"]

1.e4 c5 2.Nf3 d6 3.d4 cxd4 4.Nxd4 Nf6 5.Nc3 a6 6.Be3 e5 7.Nb3 Be7 8.f3 Be6
9.Qd2 Nbd7 10.g4 b5 11.g5 b4 12.Ne2 Nh5 13.O-O-O a5 14.Kb1 a4 15.Nbc1 Qa5
16.Ng3 g6 17.Nxh5 gxh5 18.h4 Nb6 19.b3 axb3 20.cxb3 O-O 21.Bh3 Rfc8 22.Bxe6 fxe6
23.Rh2 Nd7 24.f4 exf4 25.Bxf4 Ne5 26.Qe2 Ng4 27.Rg2 Bf8 28.Rd2 Rc3 29.Rc2 Rac8
30.Rxc3 Rxc3 31.Bd2 Rc6 32.Nd3 Bg7 33.Bxb4 Qb6 34.Ba3 Ne3 35.Bc5 dxc5 36.Qxe3 Bd4
37.Qf3 e5 38.Qxh5 Rg6 39.Qg4 h5 40.Qc8+ Kh7 41.Qd7+ Rg7 42.g6+  1-0

[Event "Vladimir Zak mem"]
[Site "St Petersburg RUS"]
[Date "2007.03.26"]
[Round "3"]
[White "Gorny,R"]
[Black "Sinajskij,A"]
[Result "0-1"]
[WhiteElo "1843"]
[BlackElo "2114"]

1.e4 c5 2.Nf3 d6 3.d4 cxd4 4.Nxd4 Nf6 5.Nc3 a6 6.Be3 e6 7.g3 Bd7 8.Bg2 Nc6
9.O-O Be7 10.f4 Qc7 11.Qe2 Rc8 12.Nxc6 Bxc6 13.Bd4 O-O 14.Rad1 b5 15.a3 Rcd8
16.Bf3 Qb7 17.Kg2 Ne8 18.e5 dxe5 19.Bxe5 Nd6 20.Bxd6 Bxd6 21.Bxc6 Qxc6+ 22.Qf3 Qc7
23.Rf2 Be7 24.Rfd2 Rxd2+ 25.Rxd2 Bf6 26.Rd3 g6 27.Qe2 Rc8 28.Qd2 Qc4 29.Rd6 a5
30.Qd3 b4 31.axb4 axb4 32.Nd1 Qxc2+ 33.Qd2 Qe4+ 34.Kg1 Rc2 35.Nf2 Qc4 36.Qd3 Qc5  0-1

[Event "Vladimir Zak mem"]
[Site "St Petersburg RUS"]
[Date "2007.03.27"]
[Round "4"]
[White "Molchanov,M"]
[Black "Fedoseev,S"]
[Result "0-1"]
[WhiteElo "1994"]
[BlackElo "2243"]

1.e4 c5 2.Nf3 d6 3.d4 cxd4 4.Nxd4 Nf6 5.Nc3 a6 6.Be3 e6 7.f3 b5 8.g4 Bb7
9.Qd2 Nfd7 10.O-O-O Nb6 11.Qf2 N8d7 12.Kb1 Rc8 13.Nce2 Qc7 14.Ng3 Nc4 15.Bxc4 bxc4
16.Nde2 Be7 17.g5 O-O 18.Nc3 Rb8 19.h4 Bc6 20.h5 Qb7 21.Bc1 Bxg5 22.f4 Bf6
23.Qe3 Qb4 24.Nge2 e5 25.f5 Qc5 26.Qg3 Kh8 27.Ka1 h6 28.Nd5 Bxd5 29.Rxd5 Qc7
30.Rhd1 Be7 31.Nc3 Nb6 32.R5d2 Bg5 33.Rg2 f6 34.Be3 Qb7 35.Rb1 d5 36.Bxb6 Qxb6
37.Nxd5 Qd4 38.Qe1 Rb7 39.Re2 Rfb8 40.c3 Qc5 41.Qg1 Qb5 42.Rd1 Qa4 43.Rb1 Rb5
44.Qa7 Qxa2+  0-1

[Event "ch-KAZ"]
[Site "Astana KAZ"]
[Date "2007.03.29"]
[Round "10"]
[White "Moiseenko,Ilya"]
[Black "Stativkin,D"]
[Result "0-1"]
[WhiteElo "2308"]
[BlackElo "2214"]

1.e4 c5 2.Nf3 d6 3.d4 cxd4 4.Nxd4 Nf6 5.Nc3 a6 6.Be3 e6 7.Be2 Qc7 8.O-O b5
9.f4 Bb7 10.Bf3 Nbd7 11.f5 e5 12.Nb3 Rc8 13.a3 Nb6 14.Bxb6 Qxb6+ 15.Kh1 Be7
16.Qe2 g5 17.Nd5 Bxd5 18.exd5 Rc4 19.Nd2 Rxc2 20.Rfc1 Rxb2 21.Rc8+ Bd8 22.Rac1 Qd4
23.Nb3 Rxe2 24.Nxd4 Re3 25.Nc6 O-O 26.Rxd8 Rxd8 27.Nxd8 e4 28.Bd1 Re1+  0-1

[Event "Vladimir Zak mem"]
[Site "St Petersburg RUS"]
[Date "2007.03.29"]
[Round "6"]
[White "Malakhov,I"]
[Black "Lovkov,R"]
[Result "1/2-1/2"]
[WhiteElo "2221"]
[BlackElo "2429"]

1.e4 c5 2.Nf3 d6 3.d4 cxd4 4.Nxd4 Nf6 5.Nc3 a6 6.Be3 Ng4 7.Bc1 Nf6 8.Be3 e5
9.Nf3 Be7 10.Bc4 O-O 11.O-O Nbd7 12.Bg5 b5 13.Bb3 Bb7 14.Bxf6 Nxf6 15.Re1 Rc8
16.Qd3 b4 17.Nd5 Nxd5 18.Bxd5 Bxd5 19.exd5 f5 20.Nd2 e4 21.Qxa6 Rxc2 22.Nc4 Qa8
23.Qxa8 Rxa8 24.Ne3 Rxb2 25.Nxf5 Bf8 26.g3 g6 27.Nd4 Bg7 28.Nc6 Bc3 29.Red1 Rc2
30.Rac1 Rcxa2 31.Rb1 R8a4 32.Rb3 Ra1 33.Rxa1 Rxa1+ 34.Kg2 Ra4 35.Kf1 Kg7
36.Rb1 Kf6 37.Ke2 Kf5 38.h3 Ra2+ 39.Ke3 Bd2+ 40.Kd4 Bg5 41.Rf1 Ra3 42.Kc4 Bf6
43.Kxb4 Rf3 44.Kc4 e3 45.Kd3 exf2+ 46.Ke2 Ke4 47.Rxf2 Rxf2+ 48.Kxf2 Kxd5
49.Nb4+ Kc4 50.Nc2 Kd3 51.Ne1+ Ke4 52.Nf3 h6 53.Ke2 Bc3 54.g4 Kf4 55.Nh4 Kg5
56.Nf3+ Kf6 57.Kd3 Be5 58.Ke4 Ke6 59.Nh4 d5+ 60.Kd3 Kf6 61.Nf3 Ba1 62.Ke3 Be5
63.Kd3 Bc7 64.Kd4 Ke6 65.Nh4 Bb6+ 66.Kd3 Kf6 67.Nf3 Bc5 68.Kc3 Ke6 69.Kd3 Be7
70.Ke3 Bf6 71.Kd3 Kd6  1/2-1/2

[Event "ch-KAZ"]
[Site "Astana KAZ"]
[Date "2007.03.30"]
[Round "11"]
[White "Stativkin,D"]
[Black "Sadvakasov,D"]
[Result "0-1"]
[WhiteElo "2214"]
[BlackElo "2615"]

1.e4 c5 2.Nf3 d6 3.d4 cxd4 4.Nxd4 Nf6 5.Nc3 a6 6.Be3 e5 7.Nb3 Be6 8.f3 Nbd7
9.Qd2 Be7 10.O-O-O O-O 11.g4 Qc7 12.g5 Nh5 13.Kb1 b5 14.Nd5 Bxd5 15.exd5 Nb6
16.Rg1 Rab8 17.Rg4 g6 18.h4 f6 19.gxf6 Nxf6 20.Rg1 Nc4 21.Qe1 Nxe3 22.Qxe3 Qb6
23.Qxb6 Rxb6 24.Bh3 Kh8 25.Rh1 b4 26.Na5 Nh5 27.Nc6 Bxh4 28.Bg4 Bg5 29.Bxh5 gxh5
30.Rxh5 h6 31.Rh3 Rb5 32.b3 a5 33.Kb2 Rc5 34.a3 bxa3+ 35.Kxa3 Rxc2 36.Nxa5 Kh7
37.b4 Rfc8 38.Rb1 R8c3+ 39.Ka4 Ra2+ 40.Kb5 e4 41.Nc4 Bf4 42.Rh4 Rxf3 43.Re1 e3
44.Rxf4 Rxf4 45.Rxe3 Rd4 46.Nxd6 Rxd5+ 47.Kc6 Rd1 48.b5 Rc2+ 49.Kd7 Rb2 50.Re6 Rxb5
51.Ke7 Rb6  0-1

[Event "ch-Catalonia"]
[Site "Barcelona ESP"]
[Date "2007.04.01"]
[Round "1"]
[White "Perpinya Rofes,L"]
[Black "Lorente Munoz,R"]
[Result "1-0"]
[WhiteElo "2375"]
[BlackElo "1966"]

1.e4 c5 2.Nf3 d6 3.d4 cxd4 4.Nxd4 Nf6 5.Nc3 a6 6.Be3 g6 7.f3 Bg7 8.Qd2 O-O
9.O-O-O Re8 10.Bc4 Nbd7 11.h4 b5 12.Bb3 h5 13.Bh6 Nc5 14.Kb1 Nxb3 15.axb3 Bh8
16.g4 Qb6 17.gxh5 Nxh5 18.Nde2 a5 19.Nf4 Nxf4 20.Bxf4 a4 21.h5 axb3 22.hxg6 b4
23.Rxh8+ Kg7 24.Be5+  1-0

[Event "ch-Catalonia"]
[Site "Barcelona ESP"]
[Date "2007.04.02"]
[Round "2"]
[White "Gonzalez Garcia,S"]
[Black "Garreta Martinez,A"]
[Result "0-1"]
[WhiteElo "1874"]
[BlackElo "1986"]

1.e4 c5 2.Nf3 d6 3.d4 cxd4 4.Nxd4 Nf6 5.Nc3 a6 6.Be3 e6 7.Qd2 Be7 8.f3 O-O
9.g4 Nc6 10.g5 Nd7 11.f4 Qc7 12.Nxc6 bxc6 13.O-O-O d5 14.f5 Bb4 15.f6 c5
16.exd5 exd5 17.Bf4 Qa5 18.Kb1 d4 19.Qg2 Bxc3 20.g6 hxg6 21.Bc4 Qb6 22.b3 Qxf6
23.Qxa8 Nb6 24.Qb8 Nxc4 25.bxc4 Bg4 26.Qd6 Bxd1 27.Rxd1 Qxd6 28.Bxd6 Rc8
29.Rg1 Rc6 30.Bf4 Rb6+ 31.Kc1 Rb2 32.Rg5 Rxa2 33.Kd1 Ra1+ 34.Ke2 Re1+ 35.Kd3 Bb4
36.Bd2 Rh1 37.Bxb4 cxb4 38.Ra5 Kf8 39.Kxd4 Rxh2 40.Kd3 Rh3+ 41.Kd4 Rh4+ 42.Kc5 g5
43.Rxa6 g4 44.Kxb4 g3 45.Ra1 f5 46.Kc3 f4 47.Kd3 Ke7 48.Ke4 Kf6 49.c5 Kg5
50.c6 Kg4 51.Ra7 g5 52.c7 Rh8 53.Rb7 Rc8  0-1

[Event "Kaupthing IM"]
[Site "Reykjavik ISL"]
[Date "2007.04.04"]
[Round "2"]
[White "Bergsson,Sn"]
[Black "Olszynski,K"]
[Result "1-0"]
[WhiteElo "2296"]
[BlackElo "2256"]

1.e4 c5 2.Nf3 d6 3.d4 cxd4 4.Nxd4 Nf6 5.Nc3 a6 6.Be3 e5 7.Nb3 Be7 8.Be2 Be6
9.Qd2 Nbd7 10.O-O-O b5 11.f4 exf4 12.Bxf4 Ne5 13.Nd4 Qc7 14.Nf5 Bxf5 15.exf5 Rc8
16.a3 O-O 17.g4 Nc4 18.Bxc4 Qxc4 19.Rhe1 Rfe8 20.g5 Nh5 21.Re4 Qc5 22.Rde1 Nxf4
23.Qxf4 d5 24.Re5 Qd6 25.Rxe7 Rxe7 26.Rxe7 Qc5 27.Qe3  1-0

[Event "18th Pobeskydi Hamont Cup"]
[Site "Frydek Mistek CZE"]
[Date "2007.04.05"]
[Round "1"]
[White "Toma,K"]
[Black "Jurcik,Mari"]
[Result "0-1"]
[WhiteElo "2252"]
[BlackElo "2341"]

1.e4 c5 2.Nf3 d6 3.d4 cxd4 4.Nxd4 Nf6 5.Nc3 a6 6.Be3 e6 7.Qd2 b5 8.f3 Nbd7
9.g4 Nb6 10.O-O-O Bb7 11.g5 Nfd7 12.Qf2 Rc8 13.Nb1 Qc7 14.h4 d5 15.e5 Nc4
16.f4 g6 17.h5 Rg8 18.hxg6 hxg6 19.Rh7 Nc5 20.Bd3 Qa5 21.a3 b4 22.Bxc4 dxc4
23.axb4 Qxb4 24.Qd2 Qxd2+ 25.Nxd2 Bd5 26.Ne2 Na4 27.Nb1 Bf3 28.Re1 Bb4 29.Bd2 Bxd2+
30.Nxd2 Bxe2 31.Rxe2 c3 32.bxc3 Nxc3 33.Re3 Ke7 34.Rhh3 Nd5 35.Re4 Rh8 36.Ra3 Nc3
37.Re1 Rh4 38.Ne4 Nd5 39.Rxa6 Rh2 40.Ra7+ Kf8 41.Nd2 Rf2 42.Rf1 Rxf1+ 43.Nxf1 Nxf4
44.Kd2 Rc5 45.Ra4 Nh3 46.Re4 Nxg5 47.Re3 Rxe5 48.Rxe5 Nf3+ 49.Ke3 Nxe5 50.Kf4 f6
51.Ne3 Ke7 52.Nf1 g5+ 53.Ke4 Kd6 54.Ng3 f5+ 55.Nxf5+ exf5+ 56.Kxf5 g4 57.Kf4 Kd5  0-1

[Event "18th Pobeskydi Radegast"]
[Site "Frydek Mistek CZE"]
[Date "2007.04.05"]
[Round "2"]
[White "Talla,V"]
[Black "Jedlicka,A"]
[Result "1-0"]
[WhiteElo "2432"]
[BlackElo "2253"]

1.e4 c5 2.Nf3 d6 3.d4 cxd4 4.Nxd4 Nf6 5.Nc3 a6 6.Be3 e5 7.Nb3 Be6 8.f3 Be7
9.Qd2 O-O 10.O-O-O Nbd7 11.g4 b5 12.g5 b4 13.Ne2 Ne8 14.f4 a5 15.f5 a4 16.Nbd4 exd4
17.Nxd4 b3 18.Kb1 bxc2+ 19.Nxc2 Bb3 20.axb3 axb3 21.Na3 Ra4 22.Bc4 Ne5 23.Bxb3 Rxe4
24.Bc2 Rh4 25.Bf2 Rh3 26.f6 gxf6 27.Bg3 Qa8 28.Rhg1 Kh8 29.Rdf1 fxg5 30.Bxe5+ dxe5
31.Qd7 Rxa3 32.bxa3 Qxa3 33.Rg3 Qd6 34.Rd1 Qc5 35.Rd5 Qb6+ 36.Rb3 Qf6 37.Qh3 Qg7
38.Rxe5 g4 39.Qd3 Bd6 40.Rg5 Qh6 41.Rbb5 Ng7 42.Qd4 f5 43.Rgxf5 Rxf5 44.Rxf5 g3
45.Ra5 Bf8 46.Ra8 Kg8 47.Bb3+ Ne6 48.Qg4+  1-0

[Event "LIII Mexican Open"]
[Site "Aguascalientes MEX"]
[Date "2007.04.07"]
[Round "8"]
[White "De la Paz,F"]
[Black "Morales Garcia,S"]
[Result "1-0"]
[WhiteElo "2433"]
[BlackElo "2243"]

1.e4 c5 2.Nf3 d6 3.d4 cxd4 4.Nxd4 Nf6 5.Nc3 a6 6.Be3 e5 7.Nb3 Be6 8.Qd2 Be7
9.f4 exf4 10.Bxf4 Nc6 11.O-O-O Ne5 12.Nd4 O-O 13.Nf5 Bxf5 14.exf5 Rc8 15.h3 Nh5
16.g3 Nxf4 17.gxf4 Nd7 18.Rg1 Bf6 19.Nd5 Nb6 20.Nxf6+ Qxf6 21.Qxd6 Qxf5 22.Bd3 Qe6
23.Qd4 f6 24.Rde1 Qd5 25.Re7 g6 26.Qe4 f5 27.Qe3 Nc4 28.Qe1 Qd4 29.Qe6+  1-0

[Event "ch-Catalonia"]
[Site "Barcelona ESP"]
[Date "2007.04.07"]
[Round "7"]
[White "Perpinya Rofes,L"]
[Black "Cruz,Cr"]
[Result "1/2-1/2"]
[WhiteElo "2375"]
[BlackElo "2399"]

1.e4 c5 2.Nc3 d6 3.Nge2 Nf6 4.d4 cxd4 5.Nxd4 a6 6.Be3 e5 7.Nf3 Be7 8.Bc4 O-O
9.O-O Be6 10.Qd3 Nc6 11.a3 b5 12.Bd5 Rc8 13.Rfd1 Na5 14.Qe2 Rxc3 15.bxc3 Nxd5
16.exd5 Bg4 17.a4 Nc4 18.axb5 axb5 19.h3 Bh5 20.g4 Bg6 21.Nd2 Nxe3 22.fxe3 f5
23.Rf1 f4 24.Kg2 Qc7 25.c4 bxc4 26.e4 c3 27.Nf3 h5 28.g5 Rc8 29.Ra4 Qd8 30.Kh2 Be8
31.Ra7 Kf8 32.Rb1 Rc7 33.Qa6 Rxa7 34.Qxa7 Qc8 35.Rb4 Bd8 36.Nh4 Bxg5 37.Nf5 Bf6
38.Nxd6 Qd7 39.Qa6 Be7 40.Rb6 Bxd6 41.Rxd6 Qe7 42.Re6 Qh4 43.Qd6+  1/2-1/2

[Event "FSIMB April"]
[Site "Budapest HUN"]
[Date "2007.04.07"]
[Round "1"]
[White "Arsenault,N"]
[Black "Arjun,V"]
[Result "1/2-1/2"]
[WhiteElo "2143"]
[BlackElo "2274"]

1.e4 c5 2.Nf3 d6 3.d4 cxd4 4.Nxd4 Nf6 5.Nc3 a6 6.Be3 e5 7.Nb3 Be6 8.f3 Be7
9.Qd2 Nbd7 10.g4 O-O 11.O-O-O Qc7 12.Kb1 b5 13.g5 Nh5 14.Nd5 Bxd5 15.exd5 Nb6
16.Rg1 Rab8 17.Na5 Nxd5 18.Qxd5 Qxa5 19.c4 Rfc8 20.Bd3 g6 21.Rg4 Qc7 22.cxb5 axb5
23.Rc1 Qa5 24.Rgc4 Qd8 25.Rxc8 Rxc8 26.Rxc8 Qxc8 27.Qxb5 Qd8 28.Be4 Bxg5
29.Bxg5 Qxg5 30.a4 Nf6 31.a5 Nxe4 32.fxe4 Qe3 33.Qd5 Qe1+ 34.Ka2 Qb4 35.b3 Kg7
36.a6 Qb6 37.Qb7 Qa5+ 38.Kb2 Qd2+  1/2-1/2

[Event "FSIMA April"]
[Site "Budapest HUN"]
[Date "2007.04.07"]
[Round "1"]
[White "Rombaldoni,Ax"]
[Black "Galyas,M"]
[Result "1-0"]
[WhiteElo "2221"]
[BlackElo "2444"]

1.e4 c5 2.Nf3 d6 3.d4 cxd4 4.Nxd4 Nf6 5.Nc3 a6 6.Be3 e5 7.Nb3 Be6 8.Nd5 Nbd7
9.f3 Nxd5 10.exd5 Bf5 11.Be2 Be7 12.O-O O-O 13.Qd2 Bg6 14.Na5 Qc7 15.c4 f5
16.b4 f4 17.Bf2 e4 18.fxe4 Bg5 19.Bf3 Rae8 20.Rae1 Nf6 21.Qd4 Nd7 22.Qd2 Nf6
23.h4 Bh6 24.Qd4 Bh5 25.Qd1 Bg6 26.Qd4 Bh5 27.Qd3 Ng4 28.Qe2 Qc8 29.c5 Nxf2
30.Bxh5 Nxe4 31.Bxe8 Rxe8 32.c6 bxc6 33.Nxc6 Qf5 34.Qd3 g5 35.hxg5 Bxg5 36.Re2 Bh4
37.Nd4 Qxd5 38.Rxf4 Bf6 39.Rexe4 Be5 40.Qb3  1-0